000 00370nam a2200169Ia 4500
003 IT-RoPAU
008 120407s9999 xx 000 0 und d
040 _aIT-RoPAU
040 _cIT-RoPAU
100 _aOttavio De Angelis
245 _aLe sintassi Italo-latina comparate
250 _aLanciano
260 _aCarabba
300 _c cm
490 _v1
942 _cBK
999 _c1581
_d1581